000 00630nam a22001937a 4500
003 OSt
005 20260611161316.0
008 260611b |||||||| |||| 00| 0 eng d
020 _a0761938486
040 _cChuka University Library
050 _aLB 1025.3
_b.B4 2003
100 _aBelmonte Dominic
_928741
245 _aTeaching from the deep End
_bSucceeding with Today 's Classroom Challenges
260 _aCalifornia
_bCorwin Press, Inc
_c2003
300 _axi 121 pages
_billustrated includes indexes
650 _aTeaching- United States
_928742
650 _aTeachers-Training of-United States
_927707
942 _2lcc
_cBK
_n0
999 _c24066
_d24066